00480nam a2200169Ia 450000500170000000800460001703700290006304000200009204100130011208400230012510000230014824500340017124500470020526000090025230000090026149000400027020250508151749.0008 250505s9999 xx 000 0 eng d aBooks to be hide in OPAC aFEDLbengcFEDL aeng2eng a371.4, AVI/OqFEDL aAvinashilingam T S 0aUnderstanding basic education 0cGovernment of India. Ministry of Education c1954 a61p. aStudies in education and psychology